Estudio de factibilidad sobre estructuración y administración de empresa de mantenimiento reparación y actualización de computadoras personales
Presenta un estudio de factibilidad, para la creación de una empresa dedicada al mantenimiento, reparación y actualización de computadoras personales en la Universidad Nacional de Ingeniería. Promueve la vinculación de los estudiantes de la Universidad en el proceso de participación empresaria...
| Main Author: | |
|---|---|
| Other Authors: | |
| Format: | Tesis Section = Libro |
| Language: | Undetermined Spanish |
| Published: |
Managua
UNI
1998
|
| Subjects: |
| LEADER | 01111nam a2200229Ia 4500 | ||
|---|---|---|---|
| 008 | 240830s9999 xx 000 0 und d | ||
| 040 | |a BIBLIOTECA-RUSB/ Mon 621.381954 C794 | ||
| 041 | |a spa | ||
| 082 | |a Mon 621.381954 C794 | ||
| 100 | 1 | |a Cordero Camacho, José Antonio | |
| 245 | 1 | 0 | |a Estudio de factibilidad sobre estructuración y administración de empresa de mantenimiento reparación y actualización de computadoras personales |
| 260 | |a Managua |b UNI |c 1998 | ||
| 300 | |a 70 p. :il. | ||
| 500 | |a Contiene: anexos. | ||
| 502 | |a Tesis (Ingeniero en Computación) - UNI, 1998. | ||
| 520 | 3 | |a Presenta un estudio de factibilidad, para la creación de una empresa dedicada al mantenimiento, reparación y actualización de computadoras personales en la Universidad Nacional de Ingeniería. Promueve la vinculación de los estudiantes de la Universidad en el proceso de participación empresarial. | |
| 650 | 7 | |a OPERACIÓN, MANTENIMIENTO, REPARACIÖN DE COMPUTADORAS | |
| 650 | 7 | |b MICROCOMPUTADORAS | |
| 700 | 1 | |a Tutor: |b Muñoz Latino, Diego | |
| 942 | |c BK |2 ddc | ||
| 991 | |a TESIS | ||
| 999 | |c 20253 | ||